000 00607nam a22002057a 4500
999 _c8736
_d8736
003 GBCCL
005 20241126110657.0
008 210922b ||||| |||| 00| 0 eng d
020 _a1433688921
020 _a9781433688928
040 _cGBC
082 _a262
_bCHU
100 _aDever, Mark
_915207
245 _aUnderstanding church leadership /
_cseries editor, Jonathan Leeman ; author, Mark Dever.
260 _aNashville, Tennessee :
_bB & H Books,
_c2016.
300 _avi, 66 pages ;
_c18 cm.
440 _aChurch basics.
_915402
650 _aChristian leadership.
_91568
942 _2ddc
_cBK
_02